Mammoth hunting - Impact traces on backed implements from a mammoth bone accumulation at Kraków Spadzista (southern Poland)
| Titel: | Mammoth hunting - Impact traces on backed implements from a mammoth bone accumulation at Kraków Spadzista (southern Poland) / Bernadeta Kufel-Diakowska, Jarosław Wilczyński, Piotr Wojtal, Krzysztof Sobczyk |
|---|---|
| Verfasser: | ; ; ; |
| In: |
Journal of archaeological science, Band 65 (2016), Seite 122-133 alle Artikel anzeigen |
| Veröffentlicht: | 2016 |
| Umfang: | Illustrationen |
| Format: | Aufsatz |
| Sprache: | Englisch |
X
alg: 49416661
001A $03025:03-05-22
001B $01999:03-05-22 $t22:33:59.000
001D $03025:03-05-22
001U $0utf8
001X $00
002@ $0Oou
002C $aText $btxt $2rdacontent
002D $aComputermedien $bc $2rdamedia
002E $aOnline-Ressource $bcr $2rdacarrier
003@ $0494166614
007A $0494166614 $aHEB
009Q $uhttps://doi.org/10.1016/j.jas.2015.11.008 $xH
010@ $aeng
010E $erda
011@ $a2016
021A $aMammoth hunting - Impact traces on backed implements from a mammoth bone accumulation at Kraków Spadzista (southern Poland) $hBernadeta Kufel-Diakowska, Jarosław Wilczyński, Piotr Wojtal, Krzysztof Sobczyk
028A $BVerfasser $#Diakowska, Bernadeta Kufel- $4aut $71100084576 $8Kufel-Diakowska, Bernadeta$Z1976- [Tp3] $9380403005
028C $BVerfasser $4aut $8Wilczyński, Jarosław [Tp3] $9480827346
028C $BVerfasser $4aut $8Wojtal, Piotr [Tp3] $9474965465
028C $BVerfasser $4aut $7 $8Sobczyk, Krzysztof [Tnx] $916203590X
031A $d65 $h122-133 $j2016
034M $aIllustrationen
039B $aEnthalten in $8--Obvc--. Journal of archaeological science. - Amsterdam {[u.a.] : Elsevier, 1974-. - Online-Ressource. - ISSN 1095-9238 $x201600000650000878 $9071803076
044K $RKrakau $74645856-6 $8Ulica Spadzista$gKrakau [Tg1] $9099603500
044K $RElefanten $#Mammoths $#Mammouths $#Mammut $#Elephas primigenius $#Mammuthus primigenius $#Mammonteus primigenius $#Kältesteppenmammut $#Wollhaarmammut $#Wollhaariges Mammut $#Wollmammut $#Fellmammut $74262355-8 $8Mammut [Ts1] $9086398954
044K $RTierfang $RJagdkunde $RJäger $#Hunting $#Chasse $#Caccia $#Caza $#hunting $#Jagd $#Jagen $#Waidwerk $#Weidwerk $74027955-8 $8Jagd [Ts1] $9085071552
045F $a930.10943809012 $eDDC23BSB
045F/01 $a930.1
045F/03 $f09012
045F/03 $g438
045T $a6,14
lok: 49416661 78
exp: 49416661 78 1 #EPN
201B/01 $003-05-22 $t14:46:29.000
201C/01 $003-05-22
201U/01 $0utf8
203@/01 $01198721057
208@/01 $a03-05-22 $be
209A/01 $a/ $f000 $x00
209A/01 $ab*p $x01
220C/01 $apgar
244Z/01 $#Generalgouvernement Polen $#Polska $#Rzeczpospolita Polska $#Polska Rzeczpospolita Ludowa $#Poland $#Pologne $#République Polonaise $#Generalne Gubernatorstwo w Polsce $#Polish People's Republic $#Polska Rzeczpospolita Polen $#PRL $#RP $#Polen Generalgouvernement $#Polska Generalgouvernement $#Besetzte Polnische Gebiete $#Besetztes Gebiet in Polen $#Okupowane Polskie Obszary $#Obszary Okupowane w Polsce $#Volksrepublik Polen $#Polska Rosyjska $#Republic Polen $#Respublika Pol'ša $#Pol'skaja Narodnaja Respublika $#République de Pologne $#Polen Links der Weichsel $#Polska po Lewej Stronie Wisły $#Lenkija $#Polija $#Gubernija Carstva Pol'skago $#Republik Polen $74046496-9 $8--Tg1--Polen $x01 $9085129801
247C/01 $82080>Marburg/Lahn, Herder-Institut, Forschungsbibliothek, Bibliographieportal $9336309341
| LEADER | 00000caa a2200000 c 4500 | ||
|---|---|---|---|
| 001 | 494166614 | ||
| 003 | DE-603 | ||
| 005 | 20220503223359.0 | ||
| 007 | cr|||||||||||| | ||
| 008 | 220503s2016 xx |||| o| u00||u|eng c | ||
| 035 | |a (DE-599)HEB494166614 | ||
| 040 | |a DE-603 |b ger |c DE-603 |d DE-603 |e rda | ||
| 041 | |a eng | ||
| 082 | 0 | 4 | |8 1\u |a 930.10943809012 |q DE-101 |2 23/BSB |
| 084 | |a 6,14 |2 ssgn | ||
| 085 | |8 1\u |b 930.1 | ||
| 085 | |8 1\u |z 1 |s 09012 | ||
| 085 | |8 1\u |z 2 |s 438 | ||
| 100 | 1 | |a Kufel-Diakowska, Bernadeta |d 1976- |e Verfasser |4 aut |0 (DE-603)380403005 |0 (DE-588)1100084576 |2 gnd | |
| 245 | 0 | 0 | |a Mammoth hunting - Impact traces on backed implements from a mammoth bone accumulation at Kraków Spadzista (southern Poland) |c Bernadeta Kufel-Diakowska, Jarosław Wilczyński, Piotr Wojtal, Krzysztof Sobczyk |
| 264 | 0 | |c 2016 | |
| 300 | |b Illustrationen | ||
| 336 | |a Text |b txt |2 rdacontent | ||
| 337 | |a Computermedien |b c |2 rdamedia | ||
| 338 | |a Online-Ressource |b cr |2 rdacarrier | ||
| 650 | 7 | |a Mammut |0 (DE-588)4262355-8 |0 (DE-603)086398954 |2 gnd | |
| 650 | 7 | |a Jagd |0 (DE-588)4027955-8 |0 (DE-603)085071552 |2 gnd | |
| 651 | 7 | |a Ulica Spadzista |g Krakau |0 (DE-588)4645856-6 |0 (DE-603)099603500 |2 gnd | |
| 700 | 1 | |a Wilczyński, Jarosław |e Verfasser |4 aut |0 (DE-603)480827346 |0 (DE-588)1236234200 |2 gnd | |
| 700 | 1 | |a Wojtal, Piotr |e Verfasser |4 aut |0 (DE-603)474965465 |0 (DE-588)1225511496 |2 gnd | |
| 700 | 1 | |a Sobczyk, Krzysztof |e Verfasser |4 aut |0 (DE-603)16203590X | |
| 773 | 0 | 8 | |i Enthalten in |t Journal of archaeological science |d Amsterdam [u.a.] : Elsevier, 1974- |h Online-Ressource |x 1095-9238 |g Band 65 (2016), Seite 122-133 |w (DE-603)071803076 |w (DE-600)1468969-8 |
| 856 | |u https://doi.org/10.1016/j.jas.2015.11.008 |x Verlag | ||
| 924 | 1 | |9 2080 |a (DE-603)1198721057 |b DE-2080 |c HES |d d |g / | |


